[Event "Sortland CC-ch"]
[Site "Sortland"]
[Date "2017.05.09"]
[Round "6"]
[White "Johansen, Svein Harald"]
[Black "Asvang, Jon Fredrik"]
[Result "0-1"]
[WhiteElo "1468"]
[BlackElo "1987"]
[PlyCount "72"]
[EventDate "2017.03.21"]
[EventType "swiss"]
[EventRounds "6"]
[EventCountry "NOR"]
[SourceTitle "EXT 2024"]
[Source "ChessBase"]
[SourceDate "2023.10.10"]
[SourceVersion "1"]
[SourceVersionDate "2023.10.10"]
[SourceQuality "1"]

1. e4 c5 2. Nf3 a6 3. Nc3 d6 4. h3 Nf6 5. a3 b5 6. d4 cxd4 7. Nxd4 Bb7 8. Bd3 Nbd7 9. Bf4 e5 10. Be3 exd4 11. Bxd4 Rc8 12. Qe2 Be7 13. g4 Ne5 14. f4 Nc6 15. Bf2 h5 16. g5 Nd7 17. h4 b4 18. Nd5 bxa3 19. Rxa3 Nc5 20. Bxc5 dxc5 21. Bxa6 Bxa6 22. Qxa6 0-0 23. Qc4 Nb4 24. Kf2 Nxd5 25. exd5 Bd6 26. f5 Qd7 27. Rf3 Ra8 28. b3 Rfe8 29. Rc1 Re5 30. Qd3 c4 31. bxc4 Ra3 32. c3 Qa7+ 33. Kg2 Ra2+ 34. Kh1 Ree2 35. Rh3 Rh2+ 36. Rxh2 Rxh2# 0-1